| 000 | 01210nam0a22002771 4500 | ||
|---|---|---|---|
| 001 | v19\rc\1231960 | ||
| 005 | 20250617230201.0 | ||
| 035 | _a(NLR Aleph) 004392196 | ||
| 090 |
_a3767568 _c3767568 |
||
| 100 | _a20060306e18811881|||y0rusy50 ca | ||
| 101 | 0 | _arus | |
| 102 | _aRU | ||
| 105 | _aa z ||||| | ||
| 200 | 1 |
_aО стволе папоротника _dProtopteris punctata sternb _f[Соч.] И. Шмальгаузена _zlat |
|
| 210 |
_a[Киев] _cтип. Розенталя _d[1881] |
||
| 215 |
_a4 с., 1 л. ил. _d24 |
||
| 309 | _aБез тит. л. и обл. | ||
| 311 | _aОтт. из "Записок Киевск. общ. естествоисп. Т. 6, вып. 2". 25 марта 1881 г. | ||
| 488 | 0 |
_12001#$aЗаписки Киевского общества естествоиспытателей$v1881, т. 6, вып. 2, 25 марта _tЗаписки Киевского общества естествоиспытателей |
|
| 510 | 0 |
_aProtopteris punctata sternb _zlat |
|
| 700 | 1 |
_aШмальгаузен _bИ.Ф. _f1849-1894 _gИван Федорович |
|
| 801 | 0 |
_aRU _bNLR _gpsbo |
|
| 801 | 1 |
_aRU _bProSoft-M _2rusmarc |
|
| 852 |
_aNLR _j18.180.2.509 |
||
| 942 | _cBOOK | ||
| 980 | _aNB | ||